| 000 | 00666nam a2200181Ia 4500 | ||
|---|---|---|---|
| 008 | 100921s9999 xx 000 0 und d | ||
| 082 |
_b42351 _a891.463 0 |
||
| 100 | _aहळबे धनश्री. | ||
| 245 | _aअसंही घडतं कधीकधी. | ||
| 260 |
_bज्ञानदत्त प्रकाशन,पुणे. _c0 |
||
| 300 |
_a294 _bकलाभारती वितरण,पुणे |
||
| 365 | _b280 | ||
| 520 | _aललित-कथा. | ||
| 630 | _aअसंही घडतं कधीकधी. | ||
| 650 | _aललित-कथा. | ||
| 730 | _aअसंही घडतं कधीकधी. | ||
| 942 | _cBOOK | ||
| 999 |
_c791464 _d791461 |
||